00960nas a2200241Ia 4500001001100000003000900011008004100020040001300061040001300074041001300087100003800100210002000138222002000158245009300178250001100271260002900282501008600311300001000397310001600407362003300423500022600456650003600682R012/42606IT-RoPAU151124c99999999xx |||||||||||| ||und|| aIT-RoPAU cIT-RoPAU aITALIANO aAA.VV. gCodice Aut. SPICS: 12000 aCINEMA & CINEMA aCinema & Cinema aCINEMA & CINEMA, ANNO 13-N.45 (GIUGNO 1986)bCinema & Cinema, Anno 13-N.45 (Giugno 1986) a1a ed. aMILANObINTRAPRESAc1986 bPaulus - SPICS - Società San Paolo EM (non-commercial uses only)cCopyright2015 a92 p. aTRIMESTRALE aANNO 013, N.45 (GIUGNO 1986) aContributi di Autori Vari Sul Tema il Fantasma del Bello: le Vocazioni Estetiche del Cinema Italiano. Conversazione con Gilles Deleuze. Recensione Dilibri Sul Cinema. Premio Adelio Ferrero. Palinsesto del Nome della Rosa. aCINEMAvPUBBLICAZIONE PERIODICA